书目信息 |
| 题名: |
电子与离子变换器
|
|
| 作者: | 卡加诺夫 , Каганов 著 ;清华大学电真空器件教研组 译 | |
| 分册: | 第二卷 离子仪器 | |
| 出版信息: | 北京 人民教育出版社 1961 |
|
| 页数: | 442页 | |
| 开本: | 20cm | |
| 丛书名: | ||
| 单 册: | ||
| 中图分类: | TN624 | |
| 科图分类: | ||
| 主题词: | 电子元件--变换器--高等学校--教材 | |
| 电子资源: | ||
| ISBN: | 15010.1094 | |
| 000 | 01119nam0 2200301 450 | |
| 001 | 0000000000 | |
| 005 | 20100712202814.0 | |
| 010 | @a15010.1094@dCNY1.60 | |
| 091 | @a15010.1094@dCNY1.60 | |
| 100 | @a20040224d1961 em y0chiy0110 ea | |
| 101 | 1 | @achi@crus |
| 102 | @aCN@b110000 | |
| 105 | @aa z 000yy | |
| 106 | @ar | |
| 200 | 1 | @a电子与离子变换器@9Dian Zi Yu Li Zi Bian Huan Qi @e工业电子学原理@i离子仪器@f(苏)И.Л.卡加诺夫(И.Л.Каганов)著@g清华大学电真空器件教研组译@Egong ye dian zi xue yuan li@h第二卷@Hdi er juan |
| 210 | @a北京@c人民教育出版社@d1961 | |
| 215 | @a442页@c图@d20cm | |
| 300 | @a高等学校教学用书 | |
| 300 | @a据苏联国立动力出版社1955年版译出 | |
| 517 | 1 | @a工业电子学原理@9gong ye dian zi xue yuan li |
| 517 | 1 | @a离子仪器@9li zi yi qi |
| 606 | 0 | @a电子元件@x变换器@x高等学校@j教材 |
| 690 | @aTN624@v4 | |
| 701 | 1 | @a卡加诺夫@9ka jia nuo fu@bИ.Л.@4著 |
| 701 | 1 | @aКаганов@bИ.Л.@4著 |
| 712 | 02 | @a清华大学电真空器件教研组@9qing hua da xue dian zhen kong qi jian jiao yan zu@4译 |
| 801 | 0 | @aCN@bAzMarc@c20130904 |
| 905 | @aBZT@dTN624@e1:2@f1@sTN624/1:2 | |
| 电子与离子变换器:工业电子学原理.离子仪器/(苏)И.Л.卡加诺夫(И.Л.Каганов)著/清华大学电真空器件教研组译.第二卷.-北京:人民教育出版社,1961 |
| 442页:图;20cm |
| 高等学校教学用书.-据苏联国立动力出版社1955年版译出 |
| ISBN 15010.1094:CNY1.60 |
| ● |
| 相关链接 |
|
|
|
正题名:电子与离子变换器
索取号:TN624/1:2
 
预约/预借
| 序号 | 登录号 | 条形码 | 馆藏地/架位号 | 状态 | 备注 |
| 1 | 2000116106 | 2000116106 | 旧书回溯/ [索取号:TN624/1:2] | 在馆 |